Ôn thi tú tài môn hóa học : Phương pháp giải toán hóa học; Phương pháp giải câu hỏi và bài tập (theo tài liệu chuẩn); Các bộ đề thi đề nghị; Các đề thi và đáp án TNPT từ 1989 đến nay /
Na minha lista:
| Autor principal: | |
|---|---|
| Formato: | Sách giấy |
| Idioma: | Vietnamese |
| Publicado em: |
Đồng Nai :
Nxb. Đồng nai,
1999.
|
| Assuntos: | |
| Tags: |
Adicionar Tag
Sem tags, seja o primeiro a adicionar uma tag!
|
| Thư viện lưu trữ: | Thư viện Trường Đại học Đà Lạt |
|---|
| LEADER | 00912nam a2200301 4500 | ||
|---|---|---|---|
| 001 | DLU090102439 | ||
| 005 | ##20091221 | ||
| 040 | # | # | |a DLU |b vie |
| 041 | # | # | |a vie |
| 044 | # | # | |a vn |
| 082 | # | # | |a 540.76 |b PH-B |
| 100 | # | # | |a Phạm Đức Bình. |
| 245 | # | # | |a Ôn thi tú tài môn hóa học : |b Phương pháp giải toán hóa học; Phương pháp giải câu hỏi và bài tập (theo tài liệu chuẩn); Các bộ đề thi đề nghị; Các đề thi và đáp án TNPT từ 1989 đến nay / |c Phạm Đức Bình. |
| 260 | # | # | |a Đồng Nai : |b Nxb. Đồng nai, |c 1999. |
| 300 | # | # | |a 181 tr. ; |c 21 cm. |
| 653 | # | # | |a Hóa học |
| 653 | # | # | |a Sách bài tập |
| 923 | # | # | |a 15/2009 |
| 991 | # | # | |a GT |
| 992 | # | # | |a 8800 |
| 994 | # | # | |a DLU |
| 900 | # | # | |a True |
| 911 | # | # | |a Đào Thị Thu Huyền |
| 925 | # | # | |a G |
| 926 | # | # | |a A |
| 927 | # | # | |a SH |
| 980 | # | # | |a Thư viện Trường Đại học Đà Lạt |